Maires de Paris. - Statistiques

Statistiques générales
  • Ce quiz a été pris 280 fois
    51 depuis la dernière actualisation
  • Le résultat moyen est 6 sur 16
Statistiques - réponses
Année Parti Maire % Correct
2014-2026 PS Anne Hidalgo
100%
2026-... PS Emmanuel Grégoire
96%
1977-1995 RPR Jacques Chirac
91%
2001-2014 PS Bertrand Delanoë
83%
1995-2001 RPR Jean Tiberi
61%
1789-1791 Indépendant Jean Sylvain Bailly
33%
1870-1871 Républicain modéré Jules Ferry
30%
1870 Républicain modéré Étienne Arago
15%
1792 Indépendant Henri Lefèvre d'Ormesson
11%
1791-1792/1792 Girondin Jérôme Pétion de Villeneuve
11%
1848 Républicain modéré Armand Marrast
9%
1794 Montagnard Jean-Baptiste Fleuriot-Lescot
9%
1793-1794 Montagnard Jean-Nicolas Pache
9%
1848 Républicain modéré Louis-Antoine Garnier-Pagès
9%
1792-1793 Girondin Nicolas Chambon
9%
1940 - William C. Bullitt
4%
Aucun quiz correspondant
Distribution des résultats
% des personnes avec chaque résultat
Percentile par nombre de réponses
Votre historique - résultats
Vous n’avez pas pris ce quiz depuis la dernière actualisation